Datum a čas kvízu
36.5
Celkem bodů
Celkový počet nahraných bodů na tomto kvízu bez doplňovacích otázek.
3.
Pořadí na kvízu
Konečné umístění týmu na tomto kvízu.
Zaznamenané odpovědi
| # | Otázka | Odpověď | Body | Výsledky |
|---|---|---|---|---|
| 1. | O víkendu se v Praze konal 39.... | Alexandra Udženija | 1 | |
| 2. | Rusko má od čtvrtka nového pre... | Michail Mišustin | 0 | |
| 3. | Americký zpěvák s africkými ko... | Akon | 0 | |
| 4. | V úterý oznámila jedna softwar... | ukončení podpory operačního systému Windows 7 | 1 | |
| 5. | Fotbalovou Slavii opouští zálo... | Drážďany | 0 | |
| 6. | V zatím posledním díle našeho... | Yukon | 1 | |
| 7. | Tomuto tradičnímu kanadskému s... | bobří ocas | 0 | |
| 8. | Jak se jmenuje muž na této fot... | Justin Trudeau | 1 | |
| 9. | Kanadská zpěvačka Alanis Moris... | déšť | 1 | |
| 10. | Se Spojenými státy, kam se pod... | Hořejší jezero | 1 |